| 000 | 00745nam a2200253 a 4500 | ||
|---|---|---|---|
| 001 | 46222 | ||
| 003 | BD-RjUL | ||
| 005 | 20211209054125.0 | ||
| 008 | 010816s1953 xx 000 0 eng | ||
| 035 | _a(BD-RjUL) | ||
| 035 |
_a(OCoLC)2063175 _a(BD-RjUL)46340 |
||
| 040 |
_aDLC _cICarbS _dUk _dBD-RjUL _beng |
||
| 041 | _aeng | ||
| 082 |
_a347.0942 _bJEB 1953 |
||
| 100 | 1 |
_aJenks, Edward _d1861-1939. _9140460 |
|
| 245 | 1 | 4 |
_aThe book of English law : _bas at the end of the year 1952 / |
| 250 | _a5th rev. ed. / | ||
| 260 |
_aLondon : _bMurray _c1953 |
||
| 300 |
_axvi, 347 p. : _c23 cm. |
||
| 650 | 0 |
_aLaw _zGreat Britain. _9141202 |
|
| 700 | 1 |
_aDavies, David James Llewelyn, _d1903- _9141203 |
|
| 942 |
_2ddc _cBK |
||
| 999 |
_c46222 _d46222 |
||